000 00575nam a2200193Ia 4500
003 OSt
005 20220928144545.0
006 a|||||r|||| 00| 0
007 ta
008 220927b |||||||| |||| 00| 0 eng d
024 _a71818
037 _cTextual
040 _aSDCL
_cSDCL
_beng
041 _2eng
_aeng
082 _aX:8-75n1,N84, N6
245 0 _aADVANCES IN strategic management
_b The embeddedness of strategy. 1V per year V1-; 1984 - ; . This library has V13 - ; 1996 - ; .
942 _hX:8-75n1,N84, N6
_cTEXL
_2CC
999 _c827942
_d827942